00590nam a2200193Ia 450000500170000000800410001702000180005804100120007608200160008810000220010424500960012625000120022226000350023430000220026944000410029165000200033265000230035265000210037520260429112021.0260429s9999||||xx |||||||||||||| ||und|| a9781032456119 aEnglish a341.48bGIL aGilleri, Giovanna 0aSex, gender and international human rights law : bcontesting binaries / cGiovanna Gilleri a1st ed. aNew York : bRoutledge,c2024. axviii, 256 p.; hb aFeminist and Queer International Law a Gender studies a International law aHuman rights law